| 000 | 00733nam a2200169 a 4500 | ||
|---|---|---|---|
| 001 | 000038500 | ||
| 005 | 20201002031259.0 | ||
| 008 | 130412s2011 dr ad 000 0 spa d | ||
| 020 | _a9789945164947 | ||
| 040 |
_aDO-SdBNP _bspa _cBNPHU |
||
| 245 | 0 | 0 |
_a¿Otro techo de cristal? : _bla brecha digital de género en la República Dominicana / _cInvestigadora Amparo Arango Echeverri ; presentación Magaly Pineda. |
| 260 |
_aSanto Domingo : _bFondo para la Igualdad de Género _bCentro de Investigación para la Acción Femenina, _c2011. |
||
| 300 |
_a218 p. : _bil., gráf. ; _c29 cm. |
||
| 505 | 0 |
_tSofware -- _tMecatrónica -- _tMultimedia -- _tInfómatica -- |
|
| 700 | 1 |
_aArango Echeverri, Amparo _964854 |
|
| 700 | 1 |
_aPineda, Magaly _98552 |
|
| 999 |
_c37990 _d37990 |
||